| 000 | 00432nam a2200169Ia 4500 | ||
|---|---|---|---|
| 005 | 20251020182529.0 | ||
| 008 | 200515s9999 xx 000 0 und d | ||
| 082 | _a696.2/M79 | ||
| 100 | _aMORENO GIL, José RODRÍGUEZ DIEGUEZ, Elías | ||
| 245 | 0 | _aInstalaciones automatizadas en viviendas y edificios | |
| 260 | _aMadrid | ||
| 260 | _c1999 | ||
| 500 | _a1 ejemplar | ||
| 650 | _aINSTALACIONES | ||
| 650 | _aLIB | ||
| 942 | _cLIB | ||
| 999 |
_c2014 _d2014 |
||